000 01630nam a2200229Ia 4500
008 260220t1961||||xx |||||||||||||| ||spa||
040 _aPY-SlUNAC
_bspa
_erda
041 _aspa
082 _a370
_bEs61e
245 0 _aEnseñanza media
264 _aMadrid :
_bEl Ministerio,
_c℗1961.
300 _a1306 páginas
520 _aEl libro "Enseñanza Media", publicado por el Ministerio de Educación de Madrid en 1961, aborda los fundamentos y principios de la educación secundaria en España durante una época de transformación social y cultural. A través de sus páginas, se examinan los objetivos pedagógicos, las metodologías de enseñanza y los contenidos curriculares que se consideraban esenciales para formar a los jóvenes en un contexto de modernización. El texto destaca la importancia de la formación integral del estudiante, enfatizando no solo el desarrollo académico, sino también el crecimiento personal y social. Además, se discuten los desafíos que enfrentaba el sistema educativo, como la necesidad de adaptar la enseñanza a las demandas del mercado laboral y a las nuevas realidades tecnológicas de la época. Este libro se convierte en un documento clave para entender la evolución de la enseñanza media en España, así como las políticas educativas implementadas por el gobierno en un periodo crucial de la historia del país.
653 _aEducación
653 _aEducación secundaria
653 _aEnseñanza
942 _b2026/02/17
_cBK
999 _c7193
_d7193